=LDR 00000nam 2200000 4500 =001 INLIS000000000022014 =005 20130612120820 =008 ***********************************Ind** =035 ##$$a0010-061300000022014 =041 ##$$a Ind =082 ##$$a 633.88 =090 ##$$a 633.88, Ali-p =100 ##$$a ALI, Iskandar =245 ##$$a Pijat Telinga dan Ramuan untuk Mengatasi Aneka Penyakit, Iskandar Ali =260 ##$$a 2003 $b Jakarta =300 ##$$a x, 130 hlm., ilus., 23 cm =650 ##$$a Penyakit - Telinga =850 ##$$a NBPNMAT =990 ##$$a 0001/BPAP-NTB/20142014